LEADER 01158nam a2200253 4500 001 000000352041 003 CaOOAMICUS 005 20221028141355.0 008 221028s2014 it 000 u ita r 040 $aSeMil$bita 100 1 $aFavre, Pierre François <1706-1795>.$0(OLS)http://semarc/name/5154 245 10$aMemorie spirituali /$cPietro Favre ; a cura di Giuseppe Mellitano ; prefazione di Antonio Spadaro. 264 1$aMilano :$bCorriere della Sera : La civiltà cattolica,$c2014. 300 $aXVI, 342 p. ;$c20 cm 490 1 $aLa biblioteca di Papa Francesco ;$v10 700 1 $aMellitano, Giuseppe.$0(OLS)http://semarc/name/116718 700 1 $aSpadaro, Antonio,$c.$0(OLS)http://semarc/name/90621 830 3$aLa biblioteca di Papa Francesco ;$v10.$0(OLS)http://semarc/title/40652 850 $aSeMil 852 $aSeMil$W1$xVenegono$y1$m1Q I 10$j237260$B243227$CSeMilBibl$Z2$F243227 $81 961 $aVitali Nicolò - Lascito 996 $6245$aMemorie spirituali$9(OLS)http://semarc/title/59357 996 $6264$aMilano :$bCorriere della Sera : La civiltà cattolica$9(OLS)http://semarc/publisher/60699 LEADER 01305nam a2200205 i 4500 001 000000211321 003 CaOOAMICUS 005 20120228000000.0 008 120228s1550 it u000 u ita u 013 $a190134 040 $aSeMil$bita 245 13$aLe vite de' più eccellenti architetti, pittori et scultori italiani, da Cimabue insino a' tempi nostri ; Parte prima. 260 $aFirenze :$bapud [Lorenzo Torrentino],$c1550. 300 $a13 x 19,5 ;$cpp. 222 ;$crom. 500 $aMancano alcune pagine iniziali ed anche le pagine 71-96 all'interno del volume. - Il frontespizio non porta il nome dello stampatore che è precisato in : Short-title catalogue of italian Books ..., pag. 172. - Descrizione da : Incunaboli e Cinquecentine della Biblioteca del Seminario di Milano / catalogo a cura di Ubaldo Valentini, Milano 1981. - Numero di catalogo : 1647. 700 1 $aVasari, Giorgio,$d<1511-1574>.$0(OLS)http://semarc/name/5115 850 $aSeMil 852 $aSeMil$W1$xVenegono$y1$mFV.F I 38 ^$j161761$B161761$CSeMilBibl$Z2$F173111 $86 996 $6245$aLe vite de' più eccellenti architetti, pittori et scultori italiani, da Cimabue insino a' tempi nostri ; Parte prima$9(OLS)http://semarc/title/305312 996 $6260$aFirenze :$bapud [Lorenzo Torrentino]$9(OLS)http://semarc/publisher/52555